[Event "Titled Tuesday intern op 04th Mar Early"]
[Site "Chess.com INT"]
[Date "2025.03.04"]
[Round "7"]
[White "Abbasova, Aiguioun"]
[Black "Novikov, Evgenij"]
[Result "0-1"]
[WhiteElo "2170"]
[BlackElo "2276"]
[PlyCount "78"]
[EventDate "2025.03.04"]
[EventType "swiss (blitz)"]
[EventRounds "11"]
[EventCountry "USA"]
[SourceTitle "CB11_2025"]
[SourceDate "2025.03.12"]
[SourceVersion "1"]
[SourceVersionDate "2025.03.12"]
[SourceQuality "1"]

1. d4 d5 2. Nf3 Nf6 3. g3 e6 4. Bh3 Be7 5. 0-0 0-0 6. Bg2 b6 7. c4 Bb7 8. cxd5 exd5 9. Nc3 c5 10. Bf4 Nc6 11. Rc1 c4 12. Ne5 a6 13. a4 Bb4 14. Na2 Be7 15. Nc3 Bb4 16. Na2 Bd6 17. Re1 Re8 18. b3 Nxe5 19. dxe5 Bxe5 20. Bxe5 Rxe5 21. bxc4 Rb8 22. Qd4 Qe7 23. cxd5 Bxd5 24. Nb4 Bxg2 25. Kxg2 Re4 26. Nc6 Qb7 27. Qd3 Rbe8 28. Qf3 h5 29. a5 bxa5 30. Nxa5 Qd5 31. Nc6 h4 32. Red1 Qe6 33. Nd4 h3+ 34. Kg1 Qa2 35. e3 Ng4 36. Ra1 Rxe3 37. fxe3 Qxh2+ 38. Kf1 Nxe3+ 39. Ke1 Nc2+ 0-1

[Event "Titled Tuesday intern op 04th Mar Early"]
[Site "Chess.com INT"]
[Date "2025.03.04"]
[Round "4"]
[White "Abbasova, Aiguioun"]
[Black "Tokarz, Izabela"]
[Result "1-0"]
[WhiteElo "2170"]
[BlackElo "2025"]
[PlyCount "119"]
[EventDate "2025.03.04"]
[EventType "swiss (blitz)"]
[EventRounds "11"]
[EventCountry "USA"]
[SourceTitle "CB11_2025"]
[SourceDate "2025.03.12"]
[SourceVersion "1"]
[SourceVersionDate "2025.03.12"]
[SourceQuality "1"]

1. d4 Nf6 2. Bg5 Ne4 3. Bf4 d5 4. f3 Nd6 5. Nc3 e6 6. e4 dxe4 7. fxe4 Be7 8. Nf3 0-0 9. Bd3 Nd7 10. Qe2 c5 11. e5 Nf5 12. d5 Nb6 13. d6 Nxd6 14. exd6 Bxd6 15. Bxd6 Qxd6 16. 0-0-0 Qf4+ 17. Kb1 Nd5 18. Nxd5 exd5 19. g3 Qf6 20. c3 Bg4 21. Rhf1 Rfe8 22. Qf2 c4 23. Bc2 Qd6 24. h3 Bxh3 25. Bxh7+ Kxh7 26. Ng5+ Kh8 27. Nxf7+ Kg8 28. Nxd6 Rf8 29. Qxf8+ Rxf8 30. Rxf8+ Kxf8 31. Rxd5 Ke7 32. Nxc4 a6 33. Ne3 b5 34. Rd4 Kf6 35. a4 bxa4 36. Rxa4 Kg5 37. Rxa6 g6 38. Ra5+ Kh6 39. Nd5 Bf5+ 40. Kc1 Be4 41. b4 g5 42. Ne3 Kh5 43. b5 Kg6 44. b6 g4 45. Re5 Bf3 46. Rd5 Bxd5 47. Nxd5 Kf5 48. b7 Ke4 49. b8Q Kf3 50. Qf4+ Kg2 51. Ne3+ Kh3 52. Qxg4+ Kh2 53. Qf3 Kh3 54. g4+ Kh4 55. Qf4 Kh3 56. Nf5 Kg2 57. g5 Kh3 58. g6 Kg2 59. g7 Kh3 60. Qg3# 1-0

[Event "Titled Tuesday intern op 04th Mar Early"]
[Site "Chess.com INT"]
[Date "2025.03.04"]
[Round "5"]
[White "Ersoz, Teoman Guney"]
[Black "Abbasova, Aiguioun"]
[Result "1-0"]
[WhiteElo "2109"]
[BlackElo "2170"]
[PlyCount "103"]
[EventDate "2025.03.04"]
[EventType "swiss (blitz)"]
[EventRounds "11"]
[EventCountry "USA"]
[SourceTitle "CB11_2025"]
[SourceDate "2025.03.12"]
[SourceVersion "1"]
[SourceVersionDate "2025.03.12"]
[SourceQuality "1"]

1. d4 Nf6 2. Nc3 g6 3. e4 d6 4. Bg5 Bg7 5. Qd2 c6 6. 0-0-0 b5 7. f3 Nbd7 8. Bh6 Bxh6 9. Qxh6 b4 10. Nb1 Qa5 11. Bc4 Ba6 12. Bb3 c5 13. dxc5 Nxc5 14. Nh3 Rc8 15. e5 Nxb3+ 16. axb3 Qxe5 17. Rhe1 Qf5 18. c3 bxc3 19. Nxc3 Nd5 20. Qg7 Rf8 21. Qd4 Nxc3 22. bxc3 Qc5 23. Kb2 Qxd4 24. Rxd4 Kd7 25. Ra4 Rc6 26. Rea1 Bb7 27. Rxa7 Kc7 28. Nf4 e6 29. Nd3 Rb6 30. Nb4 f5 31. Rd1 Re8 32. Rd2 Kb8 33. Ra5 e5 34. Nd5 Bxd5 35. Raxd5 Re6 36. c4 Kc7 37. Kc3 Rc6 38. b4 g5 39. b5 Rb6 40. Kb4 Rb7 41. c5 dxc5+ 42. Rxc5+ Kb6 43. Rdd5 Rbe7 44. Rd8 e4 45. Rcc8 exf3 46. gxf3 Rc7 47. Rb8+ Rb7 48. Ra8 Ra7 49. Rdb8+ Rb7 50. Ra6+ Kc7 51. Rxb7+ Kxb7 52. Rxe6 1-0

[Event "Titled Tuesday intern op 04th Mar Early"]
[Site "Chess.com INT"]
[Date "2025.03.04"]
[Round "8"]
[White "Harriott, Tyrell"]
[Black "Abbasova, Aiguioun"]
[Result "0-1"]
[WhiteElo "1924"]
[BlackElo "2170"]
[PlyCount "116"]
[EventDate "2025.03.04"]
[EventType "swiss (blitz)"]
[EventRounds "11"]
[EventCountry "USA"]
[SourceTitle "CB11_2025"]
[SourceDate "2025.03.12"]
[SourceVersion "1"]
[SourceVersionDate "2025.03.12"]
[SourceQuality "1"]

1. d4 Nf6 2. e3 g6 3. Bd3 Bg7 4. f4 0-0 5. Nf3 d6 6. 0-0 Nc6 7. e4 e5 8. d5 Nd4 9. fxe5 dxe5 10. Be3 c6 11. c4 Re8 12. Nc3 Ng4 13. Qd2 Nxe3 14. Qxe3 h6 15. Rad1 cxd5 16. Nxd5 Bg4 17. Rde1 Bxf3 18. gxf3 Rc8 19. Rf2 Ne6 20. Bf1 Bf8 21. b4 a5 22. a3 axb4 23. axb4 Kh7 24. Kh1 Qh4 25. Ree2 Be7 26. Rc2 Bg5 27. Qb3 Nd4 28. Qa2 Ra8 29. Qb1 Nxc2 30. Rxc2 Ra3 31. Bg2 Rea8 32. Qb2 Ra1+ 33. Bf1 Rxf1+ 34. Kg2 Re1 35. Re2 Rxe2+ 36. Qxe2 Bf4 37. Nxf4 Qg5+ 38. Kf2 Qxf4 39. Qc2 Rd8 40. Kg2 Rd2+ 41. Qxd2 Qxd2+ 42. Kg3 Qxb4 43. Kf2 Qc5+ 44. Kg3 Qxc4 45. h3 b5 46. h4 b4 47. h5 b3 48. hxg6+ Kxg6 49. Kg4 h5+ 50. Kh4 Qc1 51. Kg3 Qf4+ 52. Kf2 b2 53. Ke2 b1Q 54. Kf2 Qd3 55. Kg2 Qe2+ 56. Kg1 Qfe3+ 57. Kh1 Q3xf3+ 58. Kg1 Qfg2# 0-1

[Event "Titled Tuesday intern op 04th Mar Early"]
[Site "Chess.com INT"]
[Date "2025.03.04"]
[Round "3"]
[White "Todorovic, Bojan"]
[Black "Abbasova, Aiguioun"]
[Result "0-1"]
[WhiteElo "2130"]
[BlackElo "2170"]
[PlyCount "46"]
[EventDate "2025.03.04"]
[EventType "swiss (blitz)"]
[EventRounds "11"]
[EventCountry "USA"]
[SourceTitle "CB11_2025"]
[SourceDate "2025.03.12"]
[SourceVersion "1"]
[SourceVersionDate "2025.03.12"]
[SourceQuality "1"]

1. d4 Nf6 2. c4 g6 3. Nc3 Bg7 4. e4 d6 5. Nf3 0-0 6. Be2 Na6 7. 0-0 e5 8. Be3 Ng4 9. Bg5 Qe8 10. d5 h6 11. Bh4 f5 12. Nd2 g5 13. Bg3 Nf6 14. exf5 Bxf5 15. f3 Nc5 16. b4 Nd3 17. a3 a5 18. Qb3 Qg6 19. Nde4 Nf4 20. Rae1 Nxe4 21. fxe4 Bxe4 22. Nxe4 Qxe4 23. Bg4 Qxg2# 0-1

[Event "Titled Tuesday intern op 25th Feb Early"]
[Site "Chess.com INT"]
[Date "2025.02.25"]
[Round "1"]
[White "Abbasova, Aiguioun"]
[Black "Huber, Benedikt"]
[Result "0-1"]
[WhiteElo "2170"]
[BlackElo "2264"]
[PlyCount "58"]
[EventDate "2025.02.25"]
[EventType "swiss (blitz)"]
[EventRounds "11"]
[EventCountry "USA"]
[SourceTitle "CB10_2025"]
[SourceDate "2025.03.05"]
[SourceVersion "1"]
[SourceVersionDate "2025.03.05"]
[SourceQuality "1"]

1. d4 f5 2. c4 Nf6 3. Nf3 e6 4. a3 Be7 5. Nc3 0-0 6. h3 b6 7. Bf4 Bb7 8. e3 d6 9. Bd3 Qe8 10. 0-0 Nbd7 11. Bh2 Ne4 12. Nd2 Nxc3 13. bxc3 e5 14. f3 Bg5 15. Re1 Qg6 16. Kh1 Bh4 17. Re2 Rae8 18. a4 Nf6 19. a5 e4 20. fxe4 fxe4 21. Bc2 Nh5 22. d5 Bg3 23. Nf1 Bxh2 24. Kxh2 Rf7 25. g4 Nf6 26. Ng3 h5 27. gxh5 Nxh5 28. Rg2 Nxg3 29. Rxg3 Rf2+ 0-1

[Event "Titled Tuesday intern op 25th Feb Early"]
[Site "Chess.com INT"]
[Date "2025.02.25"]
[Round "9"]
[White "Abbasova, Aiguioun"]
[Black "Pereyra, Gabriel Elias"]
[Result "0-1"]
[WhiteElo "2170"]
[BlackElo "2041"]
[PlyCount "82"]
[EventDate "2025.02.25"]
[EventType "swiss (blitz)"]
[EventRounds "11"]
[EventCountry "USA"]
[SourceTitle "CB10_2025"]
[SourceDate "2025.03.05"]
[SourceVersion "1"]
[SourceVersionDate "2025.03.05"]
[SourceQuality "1"]

1. d4 d5 2. Nf3 Bf5 3. c4 c6 4. Nc3 e6 5. Qb3 Qb6 6. c5 Qc7 7. Bf4 Qc8 8. e3 Nf6 9. h3 Be7 10. Bh2 h6 11. Be2 Nbd7 12. 0-0 0-0 13. a4 b6 14. cxb6 axb6 15. Rac1 c5 16. Nb5 c4 17. Qa2 Qa6 18. Ra1 Rad8 19. Nc7 Qb7 20. a5 bxa5 21. Qxa5 Qxb2 22. Ra2 Qb4 23. Qxb4 Bxb4 24. Rc1 Rc8 25. Na6 Be7 26. Nd2 Rc6 27. Nc7 Rc8 28. Nb5 Kf8 29. Na7 Ra8 30. f3 Rb6 31. e4 Bg6 32. Rca1 c3 33. Nf1 dxe4 34. fxe4 Bxe4 35. Ne3 Nd5 36. Nc4 Rb7 37. Nc6 Rb1+ 38. Rxb1 Rxa2 39. Rb7 Rxe2 40. Rxd7 Rxg2+ 41. Kf1 Rxh2 0-1

[Event "Titled Tuesday intern op 25th Feb Early"]
[Site "Chess.com INT"]
[Date "2025.02.25"]
[Round "4"]
[White "Mogirzan, Matei Valeriu"]
[Black "Abbasova, Aiguioun"]
[Result "1-0"]
[WhiteElo "2086"]
[BlackElo "2170"]
[PlyCount "147"]
[EventDate "2025.02.25"]
[EventType "swiss (blitz)"]
[EventRounds "11"]
[EventCountry "USA"]
[SourceTitle "CB10_2025"]
[SourceDate "2025.03.05"]
[SourceVersion "1"]
[SourceVersionDate "2025.03.05"]
[SourceQuality "1"]

1. e4 e6 2. d4 d5 3. Nc3 Nf6 4. e5 Nfd7 5. Nh3 c5 6. dxc5 Nxe5 7. Bf4 Ng6 8. Be3 Nc6 9. Bb5 Bd7 10. Qh5 d4 11. Bxc6 dxc3 12. Bxb7 cxb2 13. Rd1 Qa5+ 14. Bd2 Qb5 15. Bxa8 b1Q 16. c6 Qxh5 17. cxd7+ Kxd7 18. Rxb1 Qe5+ 19. Be3 Bc5 20. Rb7+ Kc8 21. 0-0 Bxe3 22. fxe3 Rf8 23. Rfb1 Qxe3+ 24. Nf2 Qe5 25. Rxa7 Rd8 26. Bb7+ Kc7 27. Be4+ Kd6 28. Re1 Qc5 29. Ra4 Ke7 30. Ra5 Rd7 31. Rxc5 Nf4 32. Rc7 Rxc7 33. Bf3 Ng6 34. a4 Ra7 35. a5 Rxa5 36. Rb1 Rc5 37. Rb7+ Kf6 38. Ne4+ Ke5 39. Nxc5 Kd4 40. Rxf7 Ne5 41. Nd3 Nxf7 42. Ba8 Kc3 43. Nf4 e5 44. Ne6 g6 45. Be4 Nd6 46. Bd5 Kxc2 47. Nf8 Kd3 48. Nxh7 Kd4 49. Nf8 Kxd5 50. Nxg6 e4 51. Nf4+ Ke5 52. Ne2 e3 53. Kf1 Ke4 54. Ng3+ Kf4 55. Ke2 Nb5 56. Kd3 Na3 57. Ne2+ Kg4 58. Kxe3 Nc2+ 59. Ke4 Ne1 60. g3 Kh3 61. Kf4 Ng2+ 62. Kf3 Ne1+ 63. Kf2 Nd3+ 64. Ke3 Ne5 65. Ke4 Ng4 66. Kf4 Nxh2 67. Ng1+ Kg2 68. Ne2 Kh3 69. Ng1+ Kg2 70. Ne2 Kf2 71. Nd4 Kg2 72. Nf5 Kh3 73. Ne3 Nf1 74. Nxf1 1-0